| 000 | 00930nam a2200265 a 4500 | ||
|---|---|---|---|
| 005 | 20200104041505.0 | ||
| 008 | 140114b1995 ck ||||| |||| 00| 0 spa d | ||
| 040 |
_aCO-BoIAVH _cCO-BoIAVH |
||
| 041 | _aspa | ||
| 044 | _ack | ||
| 082 | 1 | 4 |
_a302.3 _bB61m |
| 111 | 1 |
_aForo las Economías Rurales Indígenas, Negras y Mestizas en el Pacífico Colombiano _cQuibdó _d1994 _950561 |
|
| 245 | 1 | 0 |
_aEconomías de las comunidades rurales en el pacífico colombiano _beditado por Claudia Leal |
| 260 |
_aBogotá: _bProyecto Biopacífico, _c1995. |
||
| 300 | _a120 páginas | ||
| 650 | 1 | 4 |
_aSistemas de producción agropecuarios _93701 |
| 650 | 1 | 6 |
_aComunidades negras _950562 |
| 650 | 1 | 6 |
_aAgricultura sostenible _9210 |
| 650 | 1 | 6 |
_aEconomía _950564 |
| 650 | 1 | 6 |
_aComunidades rurales _950565 |
| 650 | 1 | 4 |
_aEtnoagricultura _93703 |
| 650 | 1 |
_aComunidades indígenas _950566 |
|
| 650 | 1 |
_aBosque húmedo tropical _93501 |
|
| 942 |
_cLIBRO _2ddc |
||
| 999 |
_c79 _d79 |
||